000 00619nam a2200229 i 4500
001 C2-0084348
003 PPAK
005 20180727085923.0
008 970429s1982 my a|||| ||||| | may d
020 _a0195831535
040 _aPPAK
_beng
_cPPAK
_erda
082 0 4 _a621.3382
_223
090 0 0 _a621.3382
_bPIC
_dK
100 1 _aPick, Christopher C,
_eauthor
245 1 0 _aMesin minyak
264 1 _aKuala Lumpur :
_bFajar Bakti ,
_c1982
300 _a31 pages :
_bcolour illustrations ;
_c26 cm
336 _2rdacontent
_atext
337 _2rdamedia
_aunmediated
338 _2rdacarrier
_avolume
942 _ddc
_cB
999 _c16409
_d16409